000 00420nam a2200181Ia 4500
001 4052
005 20260306145727.0
008 260306t2003||||xx |||||||||||||| ||spa||
041 _aESP
082 _a306.85
_bH12 Nº 6
100 _aIsaacs, David
_eAUT
245 0 _aFamilias contra corriente
260 _c2003
300 _a264 páginas :
_c19 cm.
650 _aGEN
654 _aCED
942 _cLIB
_dJUS
_fJUS
_2ddc
_n
999 _c4052
_d4052